Sammlungen historischer Nachrichten über die Mongolischen Völkerschaften // Sammlungen historischer Nachrichten über die Mongolischen Völkerschaften. - Sammlungen zur politischen, physikalischen und moralischen Geschichte der mongolischen Völkerschaften (Запись № 10376370)
[ простой вид ]
| 000 -МАРКЕР | |
|---|---|
| контрольное поле | 01777nam1a22003011 4500 |
| 001 - ИДЕНТИФИКАТОР ЗАПИСИ | |
| контрольное поле | RU\NLR\A2\5131 |
| 005 - ИДЕНТИФИКАТОР ВЕРСИИ | |
| контрольное поле | 20251214183049.0 |
| 035 ## - ДРУГИЕ СИСТЕМНЫЕ НОМЕРА | |
| Идентификатор записи | (NLR Aleph) 009858651 |
| 100 ## - ДАННЫЕ ОБЩЕЙ ОБРАБОТКИ | |
| Данные общей обработки | 20251214 rusy50 |
| 101 0# - ЯЗЫК РЕСУРСА | |
| Язык текста, звукозаписи и т.д. | немецкий |
| 102 ## - СТРАНА ПУБЛИКАЦИИ ИЛИ ПРОИЗВОДСТВА | |
| Страна публикации | российская федерация |
| 200 1# - ЗАГЛАВИЕ И СВЕДЕНИЯ ОБ ОТВЕТСТВЕННОСТИ | |
| Основное заглавие | Sammlungen historischer Nachrichten über die Mongolischen Völkerschaften |
| Первые сведения об ответственности | Durch P.S. Pallas D.A.D. Professor der Naturhist. und ordentl. Mitgl. der Russich-Kaiserl. Akademie d. W., der Römisch-Kayserl. und Königl. Schwedischen Akad. wie auch der Engl. Societät, der Petersburg. freyen ökonom. u. Berlin. naturforschenden Gesellschaften |
| 210 ## - ПУБЛИКАЦИЯ, РАСПРОСТРАНЕНИЕ И ДР. | |
| Место издания, распространения и т.д. | St. Petersburg [St.- Peterburg] |
| Имя издателя, распространителя и т. д. | Gedruckt bey der Kayserlichen Akademie der Wissenschaften |
| Дата издания, распространения и т.д. | 1776-1801 |
| 215 ## - ФИЗИЧЕСКАЯ ХАРАКТЕРИСТИКА | |
| Размеры | 4° |
| 321 1# - ПРИМЕЧАНИЯ ОБ ОТДЕЛЬНО ИЗДАННЫХ УКАЗАТЕЛЯХ / РЕФЕРАТАХ / ССЫЛКАХ, ОТРАЖАЮЩИХ КАТАЛОГИЗИРУЕМЫЙ ДОКУМЕНТ | |
| Примечания об указателях, рефератах, ссылках | СК XVIII(ин.) 2157 |
| 463 #0 - УРОВЕНЬ ФИЗИЧЕСКОЙ ЕДИНИЦЫ | |
| Встроенное поле | 001RU\NLR\A2\5132 |
| Системный номер (АБИС) связанной записи | 13487943 |
| Дата публикации | 1776 |
| Физическая характеристика | XIV, 232 с., [13] л. ил., табл. |
| Заглавие | Sammlungen historischer Nachrichten über die Mongolischen Völkerschaften. - Sammlungen zur politischen, physikalischen und moralischen Geschichte der mongolischen Völkerschaften |
| 463 #0 - УРОВЕНЬ ФИЗИЧЕСКОЙ ЕДИНИЦЫ | |
| Встроенное поле | 001RU\NLR\A2\5133 |
| Системный номер (АБИС) связанной записи | 13487944 |
| Дата публикации | 1801 |
| Физическая характеристика | [2], X, 440 с., [23] л. ил., табл. |
| Заглавие | Sammlungen historischer Nachrichten über die Mongolischen Völkerschaften. - Sammlungen über den Götzendienst, die Geistlichkeit, Tempel und abergläubische Gebräuche der mongolischen Völkerschaften; hauptsächlich die aus dem Tybet abstammende Fabellehre und damit verknüpfte |
| 620 ## - МЕСТО И ДАТА ПУБЛИКАЦИИ, ИСПОЛНЕНИЯ И Т. Д. | |
| Город | St.- Peterburg |
| 700 #1 - ИМЯ ЛИЦА - ПЕРВИЧНАЯ ОТВЕТСТВЕННОСТЬ | |
| Начальный элемент ввода | Pallas |
| Часть имени, кроме начального элемента ввода | P.S. |
| Даты | 1741-1811 |
| Расширение инициалов личного имени | Peter Simon |
| Код отношения | Автор |
| 712 02 - НАИМЕНОВАНИЕ ОРГАНИЗАЦИИ - ВТОРИЧНАЯ ОТВЕТСТВЕННОСТЬ | |
| Начальный элемент ввода | Akademie der Wissenschaften |
| Идентифицирующий признак | Petersburg |
| Структурное подразделение | Druckerei |
| Код отношения | Печатник (типограф) |
| 801 #0 - ИСТОЧНИК ЗАПИСИ | |
| Страна | российская федерация |
| Организация | NLR |
| Дата составления | 19970428 |
| 852 ## - МЕСТОНАХОЖДЕНИЕ И ШИФР ХРАНЕНИЯ | |
| Идентификатор организации | NLR |
| Наименование фонда или коллекции (Sub-Location Identifier) | Rossica |
| Шифр хранения (Call Number) | 13.3.5.58 |
| 942 ## - ДОПОЛНИТЕЛЬНЫЕ ЭЛЕМЕНТЫ ЗАПИСИ (АБИС) | |
| Тип экземпляра АБИС | Книга |
| 980 ## - КОЛЛЕКЦИЯ | |
| Название коллекции | Национальная библиография |
| 980 ## - КОЛЛЕКЦИЯ | |
| Название коллекции | Россика |
| 980 ## - КОЛЛЕКЦИЯ | |
| Название коллекции | Книги XVIII века на западноевропейских языках, изданные в России |
Нет доступных экземпляров.